=LDR 00000nam 2200000 4500 =001 INLIS000000000012486 =005 20240221075142 =035 ##$$a 0010-061300000012486 =008 240221################g##########0#ind## =041 ##$$a Ind =082 ##$$a 410 =090 ##$$a 410, Aya r =100 ##$$a Ayatrohaedi =245 1#$$a Rekabahasa cerdas tangkas berbahasa : $b Buku II /$c Prof.Dr. Ayatrohaedi;Penyunting, Maman s mahayana Munawar =260 ##$$a Jakarta :$b Pustaka Sinar Harapan,$c 1996 =300 ##$$a x, 202 hlm. ; $c 21 x 15 cm. =650 #4$$a Bahasa Indonesia =850 ##$$a NBPNMAT =020 ##$$a 979-416-384-8 =084 ##$$a 410 AYA r II =500 ##$$a Yang diterima jilid 2 =250 ##$$a Cet. 1 =990 ##$$a 00032480 =990 ##$$a 00032481 =990 ##$$a 00032482 =990 ##$$a 118.001/Pro-97 =990 ##$$a 20603764 =990 ##$$a 20603765 =990 ##$$a 20603766 =990 ##$$a 20603767